Logo BPK

Biblioteka

Politechniki Koszalińskiej

Standard handbook of consulting engineering practice = (Rekord nr 29603)

Szczegóły MARC
000 -ETYKIETA REKORDU
podpole kontrolne o stałej długości 00611nam a2200193 i 4500
001 - NUMER KONTROLNY REKORDU
pole kontrolne bg
020 ## - MIĘDZYNARODOWY ZNORMALIZOWANY NUMER KSIĄŻKI - ISBN
ISBN 0070287791
040 ## - ŹRÓDŁO KATALOGOWANIA
Instytucja, która utworzyła rekord BPK
041 ## - KOD JĘZYKA
Kod języka tekstu pol
080 ## - UNIWERSALNA KLASYFIKACJA DZIESIĘTNA - UKD
UKD 658
920 ## - Międzynarodowy znormalizowany numer książki – ISBN
ISBN 0-07-028779-1
008 - POLE O STAŁEJ DŁUGOŚCI - DANE KONTROLNE
podpole kontrolne o stałej długości s pl f |000 0 pol
100 1# - NAZWA OSOBOWA
Nazwa osobowa HICKS, Tyler Gregory
245 #0 - TYTUŁ/ODPOWIEDZIALNOŚĆ
Tytuł Standard handbook of consulting engineering practice =
Ciąg dalszy tytułu starting, staffing, expanding and prospering inyour own consulting business /
Pozostałe elementy strefy tytułu i oznaczenia odpowiedzialności Tyler G. Hicks, Jerome F. Mueller, S. David Hicks.
260 ## - STREFA ADRESU WYDAWNICZEGO
Miejsce wydania New York,
Data publikacji, dystrybucji/powstania dokumentu 1986
Miejsce wydania McGraw-Hill.
700 1# - HASŁO DODATKOWE - NAZWA OSOBOWA
Nazwa osobowa MUELLER, Jerome F.
700 1# - HASŁO DODATKOWE - NAZWA OSOBOWA
Nazwa osobowa HICKS, S. David
856 ## - LOKALIZACJA I DOSTĘP DO ELEKTRONICZNYCH DOKUMENTÓW ZDALNYCH
Link (URL) http://koha.tu.koszalin.pl/cgi-bin/koha/opac-detail.pl?biblionumber=29603
Tekst linku Katalog online BPK
942 ## - DODATKOWE ELEMENTY (KOHA)
Typ dokumentu Książka
Egzemplarze
Wycofany Status egzemplarza Uszkodzony Dostępność Lokalizacja stała Lokalizacja bieżąca Miejsce przechowywania Sygnatura Kod kreskowy Typ dokumentu
      Dostępny Biblioteka Politechniki Koszalińskiej Biblioteka Politechniki Koszalińskiej Wypożyczalnia BG 35831 01925739 Książka
© 2023 Biblioteka Politechniki Koszalińskiej :: KOHA